00213nam a2200097Ia 4500008004100000100001600041245001300057260002100070942000700091999001700098190216s9999||||xx |||||||||||||| ||und|| aThikkodiyan 0aTheepori bM M Publication cBK c24646d24646